| 000 | 00555nam a22001697a 4500 | ||
|---|---|---|---|
| 005 | 20251108164138.0 | ||
| 008 | 250721s1989 xx 000 0 ara d | ||
| 082 | 1 | 4 | _a218,6/دني |
| 100 | 1 | _aإبن أبي الدنيا، أبو بكر عبد الله بن محمد ... | |
| 245 | 1 | 0 | _aالقناعة و التعفف / |
| 264 | 1 |
_aالقاهرة : _bمكتبة القرآن، _c1989. |
|
| 300 | _a112ص | ||
| 650 | 1 | 7 | _aالآداب الإسلامية |
| 700 | 1 |
_aإبراهيم، مجدي السيد _eتحقيق |
|
| 942 |
_2ddc _cBK |
||
| 999 |
_c4785 _d4785 |
||